Joueurs du Standard de Liège - Mort subite - Statistiques

Statistiques générales
  • Ce quiz a été pris 447 fois
  • Le résultat moyen est 11 sur 20
Answers on the Grid
Answers color-coded by a green-red scale on the quiz's grid according to % correct below.
Paul-José M'Poku
Renaud Emond
Vincent Vanasch
Ricardo Sá Pinto
Philippe Léonard
Mehdi Carcela
Jelle Vossen
Paul Bonga Bonga
Thomas Buffel
Michel Preud'homme
Jean-Marie Pfaff
Lior Refaelov
William Vainqueur
Enzo Scifo
Gilbert Bodart
Frédéric Bulot
Marc Wilmots
Jules Bocandé
Jonathan Lardot
Eliaquim Mangala
Dante
Edmilson Junior
Michy Batshuayi
Jan Ceulemans
Michel Renquin
Eric Gerets
Guy Hellers
Franky Van der Elst
Felice Mazzù
Éric Deflandre
Dedryck Boyata
Collins Fai
 
Statistiques - réponses
Réponse % Correct
Paul-José M'Poku
95%
Renaud Emond
94%
Mehdi Carcela
85%
Michel Preud'homme
71%
Ricardo Sá Pinto
67%
Michy Batshuayi
59%
Marc Wilmots
57%
Collins Fai
56%
Edmilson Junior
56%
Gilbert Bodart
55%
Dante
51%
Eric Gerets
48%
William Vainqueur
47%
Éric Deflandre
46%
Eliaquim Mangala
42%
Philippe Léonard
35%
Frédéric Bulot
33%
Paul Bonga Bonga
31%
Guy Hellers
26%
Michel Renquin
26%
Aucun quiz correspondant
Distribution des résultats
% des personnes avec chaque résultat
Percentile par nombre de réponses
Votre historique - résultats
Vous n’avez pas pris ce quiz